Direito Internacional do Trabalho e Convenė̳s Internacionais da OIT comentadas

Detalles Bibliográficos
Autor principal: Zanotelli de Alvarenga, Rb︢ia
Otros Autores: de Mello Rezende Colnago, Lorena
Formato: eBook
Lenguaje:portugués
Publicado: San Pablo: LTR Editora, 2014
Materias:
Acceso en línea:Acceso restringido

MARC

LEADER 00000nam a22000007a 4500
005 2014052207277.0
007 cr|||| ||||
008 140522s2014 br |||||s|||| 00||0 por d
020 |a 978-85-361-2845-0 
035 |a 12131 
040 |a vLex 
090 |c 4933  |d 4933 
100 1 |a Zanotelli de Alvarenga, Rb︢ia 
245 1 0 |a Direito Internacional do Trabalho e Convenė̳s Internacionais da OIT comentadas  |h [Recurso electrn̤ico] /  |c Rb︢ia Zanotelli de Alvarenga, Lorena de Mello Rezende Colnago 
256 |a Servicio en ln̕ea 
260 |a San Pablo:  |b LTR Editora,  |c 2014 
300 |a 1 recurso electrn̤ico 
506 1 |a Disponible solo en los productos indicados  |d vLex Global  |d vLex Global (Academic Edition, excluding Law Schools)  |d vLex Global (U.S. Academic Edition, Law Schools)  |d vLex Global (U.S. Academic Edition, excluding Law Schools)  |d vLex Global (Academic Edition, Law Schools) 
650 0 4 |a Derecho Laboral y Seguridad Social  |z Brasil 
700 1 |a de Mello Rezende Colnago, Lorena 
740 0 |a vLex Libros (Servicio en ln̕ea) 
856 4 0 |u http://vlex.com/source/direito-internacional-trabalho-conven-es-internacionais-oit-comentadas-12131  |z Acceso restringido 
942 |c BOOK 
999 0 |a Labor Law and Social Security